000 00568nam a2200217Ia 4500
003 OSt
005 20220928141835.0
006 a|||||r|||| 00| 0
007 ta
008 220927b |||||||| |||| 00| 0 eng d
024 _a18043
037 _cTextual
040 _aSDCL
_cSDCL
_beng
041 _2eng
_aeng
082 _aO-,1N291:g, M6
100 _aKeyes Claire
_9502467
245 0 _aAesthetics of power
_b The poetry of Adrienne Rich.
260 _c1986
942 _hO-,1N291:g, M6
_cTEXL
_2CC
999 _c820315
_d820315